000
00265nam a22001217a 4500
003
SGT
100
_a
GOPAAKRISHANAN,K.C
245
_a
LEGAL ECONOMICS INTERACTIONAL
260
_a
LUCKNOW
_b
EASTERN BOOKS
_c
2010
300
_a
580
650
_a
ECONOMICS
942
_2
ddc
_c
BK
999
_c
9584
_d
9584